No ha lugar a proceder (Registro nro. 309275)
[ vista simple ]
| 000 -ENCABEZADO | |
|---|---|
| Número de control [NR] | 01186cam a2200337Ii 4500 |
| 001 - NÚMERO DE CONTROL | |
| control field | ocn943647300 |
| 005 - FECHA Y HORA DE LA ÚLTIMA TRANSACCIÓN | |
| control field | 20180228092446.0 |
| 008 - DE LONGITUD FIJA DE DATOS DE ELEMENTOS - INFORMACIÓN GENERAL | |
| Elementos de longitud fija [NR] | 180228s2015 sp 000 1 spa d |
| 020 ## - NUMERO INTERNACIONAL NORMALIZADO PARA LIBROS [R] | |
| Número Internacional Normalizado del libro [NR] | 9788433979483 |
| 020 ## - NUMERO INTERNACIONAL NORMALIZADO PARA LIBROS [R] | |
| Número Internacional Normalizado del libro [NR] | 8433979485 |
| 035 ## - NUMERO DE CONTROL DEL SISTEMA [R] | |
| Número de control del sistema [NR] | (OCoLC)943647300 |
| 040 ## - FUENTE DE CATALOGACION [NR] | |
| Agencia de catalogación original [NR] | Co-BoUCM |
| Idioma de catalogación [NR] | spa |
| Quien Cataloga | Saul Niño |
| Quien Clasifica | Saul Niño |
| 041 1# - CODIGO DE IDIOMA [R] | |
| Código de idioma para texto/pista de sonido o título separado [R] | Español |
| Language code of original and/or intermediate translations of text | ita |
| 100 1# - ASIENTO PRINCIPAL--NOMBRE PERSONAL [NR] | |
| Nombre personal [NR] | Magris, Claudio |
| ID Autoridad | 91615 |
| 245 10 - MENCION DE TITULO [NR] | |
| Título [NR] | No ha lugar a proceder |
| Mención de responsabilidad, etc. [NR] | Claudio Magris ; traducción de Pilar González Rodríguez |
| 260 ## - PUBLICACION, DISTRIBUCION, ETC. (PIE DE IMPRENTA) [R] | |
| Lugar de publicación, distribución, etc. [R] | Barcelona |
| Nombre del editor, distribuidor, etc. [R] | Anagrama |
| Fecha de publicación, distribución, etc. [R] | 2015 |
| 300 ## - DESCRIPCION FISICA [R] | |
| Extensión [R] | 384 páginas |
| 490 0# - MENCION DE SERIE [R] | |
| Mención de serie [R] | Panorama de narrativas |
| Designación numérica/secuencial del volumen [NR] | 918 |
| 650 #7 - ASIENTO SECUNDARIO DE MATERIA - TERMINO TEMATICO [R] | |
| Término temático o nombre geográfico como elemento de entrada [NR] | Armas |
| Subdivisión general [R] | Coleccionistas y colecciones |
| Subdivisión de forma [R] | Novela |
| 9 (RLIN) | 9350 |
| 650 #7 - ASIENTO SECUNDARIO DE MATERIA - TERMINO TEMATICO [R] | |
| Término temático o nombre geográfico como elemento de entrada [NR] | Coleccionistas y colecciones |
| Subdivisión de forma [R] | Novela |
| 9 (RLIN) | 11113 |
| 650 #7 - ASIENTO SECUNDARIO DE MATERIA - TERMINO TEMATICO [R] | |
| Término temático o nombre geográfico como elemento de entrada [NR] | Museos |
| Subdivisión de forma [R] | Novela |
| 9 (RLIN) | 19971 |
| 650 #7 - ASIENTO SECUNDARIO DE MATERIA - TERMINO TEMATICO [R] | |
| Término temático o nombre geográfico como elemento de entrada [NR] | Campos de concentración |
| Subdivisión de forma [R] | Novela |
| 9 (RLIN) | 10381 |
| Subdivisión geográfica [R] | Italia |
| 650 #7 - ASIENTO SECUNDARIO DE MATERIA - TERMINO TEMATICO [R] | |
| Término temático o nombre geográfico como elemento de entrada [NR] | Militares |
| 9 (RLIN) | 19545 |
| 650 #7 - ASIENTO SECUNDARIO DE MATERIA - TERMINO TEMATICO [R] | |
| Término temático o nombre geográfico como elemento de entrada [NR] | Novela italiana |
| 9 (RLIN) | 20534 |
| 650 #7 - ASIENTO SECUNDARIO DE MATERIA - TERMINO TEMATICO [R] | |
| Término temático o nombre geográfico como elemento de entrada [NR] | Literatura italiana |
| 9 (RLIN) | 18694 |
| 651 #0 - ASIENTO SECUNDARIO DE MATERIA - NOMBRE GEOGRAFICO [R] | |
| Nombre geográfico [NR] | Italia |
| Subdivisión cronológica [R] | Siglo XX |
| Subdivisión de forma [R] | Novela |
| 9 (RLIN) | 91616 |
| 700 1# - ASIENTO SECUNDARIO - NOMBRE PERSONAL [R] | |
| Nombre personal [NR] | González Rodríguez, Pilar |
| Término de relación [R] | traductor |
| 9 (RLIN) | 91617 |
| 765 ## - ASIENTO DE IDIOMA ORIGINAL [R] | |
| Título [NR] | Non luogo a procedere |
| 942 ## - ELEMENTOS DE ENTRADA AGREGADOS (KOHA) | |
| Sistema de clasificación | DEWEY |
| Tema principal | Literatura |
| Tipo de ítem principal el descrito en 300a | Libro |
| Edición | 1 |
| Clasificación | 853.914 |
| Parte restante de la signatura top. | M212n |
| Fecha de último préstamo | Total préstamos | Signatura topográfica | Código de barras | Última vez visto | Ejemplar | Costo de reposición | Price effective from | Tipo de ítem | Perdido | Sistema de clasificación | Dañado | No prestable | Tipo de ítem específico | Suprimido | Ubicación habitual | Ubicación actual | Localización | Fecha de creación | Proveedor | Forma de adquisición | Costo |
|---|---|---|---|---|---|---|---|---|---|---|---|---|---|---|---|---|---|---|---|---|---|
| 02/03/2018 | 1 | 853.914 M212n | 100156616 | 09/12/2025 | Ej.1 | 78000.00 | 26/02/2018 | Libro | DEWEY | Libro | Claustro | Claustro | 2do piso | 26/02/2018 | 3 | Compra | 78000.00 |